000 00535nam a22001937a 4500
003 KOHA_MİRAKIL
005 20251002161518.0
008 251002b tu ||||| |||| 00| 0 tur d
020 _a9789750848599
040 _aTR-AnABB
_btur
_cTR-AnABB
041 _atur
082 _a922.97
_bYIL 2020
100 1 _aYıldırım, Rıza,
245 1 0 _aMenâkıb-ı evliya -buyruk /
260 _aİstanbul :
_bYapı Kredi Kültür Sanat Yayıncılık,
_c2020
300 _a574 sayfa ;
_c21 cm
650 0 4 _aTarih
942 _2ddc
_cBK
999 _c9051
_d9051
900 _bGizem YORULMAZ